00323 a2200121 4500020001500000020001800015082001100033100002300044245004100067260004900108300002100157700002300178 a0521852773 a9780521852777 a530.121 aBellac, Michel Le.10aQuantum physics /cMichel Le Bellac. a[S.l.] :bCambridge University Press,c2006. a606 p. ;c25 cm. aBellac, Michel Le.